Statistics for Top NHL teams by all time points percentage

Click here to take the quiz!

General Stats

  • This quiz has been taken 114 times
  • The average score is 7 of 10

Answer Stats

TeamGPPointsPTS%% Correct
Montreal Canadiens6,5787,732.588
95%
Boston Bruins6,4187,184.560
93%
Detroit Red Wings6,3526,815.536
91%
Vegas Golden Knights82109.665
85%
San Jose Sharks2,0662,221.535
71%
Philadelphia Flyers3,9644,569.576
70%
Anaheim Ducks1,9022,077.546
69%
Minnesota Wild1,3601,492.549
57%
Nashville Predators1,5241,685.553
55%
Buffalo Sabres3,7384,005.536
48%

Score Distribution

Percentile by Number Answered

Percent of People with Each Score

Your Score History

You have not taken this quiz